study on pricess of formal land transaction in sangkat veal sbov khan chbar ompov phnom penh សិក្សារពីដំណើរការនៃការផ្ទេរសិទ្ធលើអចលនវត្ថុជាលក្ខណះផ្លូវការនៅក្នុងសង្កាត់វាលស្បូវ ខណ្ឌច្បារអំពៅ រាជធានីភ្នំពេញ (Record no. 18484)
[ view plain ]
| 000 -LEADER | |
|---|---|
| fixed length control field | 00814nam a22001577a 4500 |
| 003 - CONTROL NUMBER IDENTIFIER | |
| control field | LRUA |
| 005 - DATE AND TIME OF LATEST TRANSACTION | |
| control field | 20191209144156.0 |
| 008 - FIXED-LENGTH DATA ELEMENTS--GENERAL INFORMATION | |
| fixed length control field | 191209b xxu||||| |||| 00| 0 eng d |
| 040 ## - CATALOGING SOURCE | |
| Transcribing agency | RUA |
| 082 ## - DEWEY DECIMAL CLASSIFICATION NUMBER | |
| Classification number | LMA KEO 2017 B652 or.1 |
| 100 ## - MAIN ENTRY--PERSONAL NAME | |
| 9 (RLIN) | 14038 |
| Personal name | KEO SOPHEAK កែវ សុភក្រ័ |
| 245 ## - TITLE STATEMENT | |
| Title | study on pricess of formal land transaction in sangkat veal sbov khan chbar ompov phnom penh សិក្សារពីដំណើរការនៃការផ្ទេរសិទ្ធលើអចលនវត្ថុជាលក្ខណះផ្លូវការនៅក្នុងសង្កាត់វាលស្បូវ ខណ្ឌច្បារអំពៅ រាជធានីភ្នំពេញ |
| 260 ## - PUBLICATION, DISTRIBUTION, ETC. (IMPRINT) | |
| Place of publication, distribution, etc. | RUA |
| Name of publisher, distributor, etc. | Phnom penh |
| Date of publication, distribution, etc. | 2017 |
| 300 ## - PHYSICAL DESCRIPTION | |
| Extent | xi;41p |
| Other physical details | ill; |
| Dimensions | 29cm |
| 942 ## - ADDED ENTRY ELEMENTS (KOHA) | |
| Source of classification or shelving scheme | |
| Koha item type | LMA |
| Price effective from | Date last seen | Permanent Location | Not for loan | Date acquired | Source of classification or shelving scheme | Koha item type | Lost status | Withdrawn status | Date last checked out | Total Checkouts | Shelving location | Damaged status | Barcode | Current Location | Full call number |
|---|---|---|---|---|---|---|---|---|---|---|---|---|---|---|---|
| 2019-12-09 | 2022-07-19 | Library Block B | 2019-12-09 | LMA | 2022-05-24 | 1 | B652 | A42562 | Library Block B | LMA KEO 2017 B652 or.1 | |||||
| 2019-12-09 | 2021-03-02 | Library Block B | 2019-12-09 | LMA | 2021-02-22 | 3 | B652 | A42867 | Library Block B | LMA KEO 2017 B652 or.2 | |||||
| 2019-12-09 | 2019-12-09 | Library Block B | 2019-12-09 | LMA | B652 | 43071 | Library Block B | LMA KEO 2017 B652 or.3 | |||||||
| 2019-12-09 | 2019-12-09 | Library Block B | 2019-12-09 | LMA | B652 | A42996 | Library Block B | LMA KEO 2017 B652 or.4 | |||||||
| 2019-12-09 | 2025-06-06 | Library Block B | 2019-12-09 | LMA | 2025-04-25 | 1 | B652 | A42251 | Library Block B | LMA KEO 2017 B652 or.5 | |||||
| 2019-12-09 | 2019-12-09 | Library Block B | 2019-12-09 | LMA | B652 | A42921 | Library Block B | LMA KEO 2017 B652 or.6 |